El movimiento cooperativista mundial (Record no. 171652)

MARC details
000 -LEADER
campo de control de longitud fija 00701nam a22001815i 4500
001 - NÚMERO DE CONTROL
campo de control 171652
003 - IDENTIFICADOR DE NÚMERO DE CONTROL
campo de control ES-MaACL
005 - FECHA Y HORA DE LA ÚLTIMA TRANSACCIÓN
campo de control 20230906214705.0
008 - DATOS DE LONGITUD FIJA--INFORMACIÓN GENERAL
campo de control de longitud fija 090525s1973 sp |||| | spa d
080 ## - NÚMERO DE LA CLASIFICACIÓN DECIMAL UNIVERSAL
Número de la Clasificación Decimal Universal 334(100)(091)
100 1# - ENTRADA PRINCIPAL--NOMBRE DE PERSONA
Nombre de persona Soldevilla y Villar, Antonio D.
9 (RLIN) 140312
245 13 - MENCIÓN DEL TÍTULO
Título El movimiento cooperativista mundial
Resto del título : (sus orígenes, desarrollo y problemática actual) /
Mención de responsabilidad, etc. Antonio D. Soldevilla y Villar ; prólogo de José Luis del Arco Alvarez.
260 ## - PUBLICACIÓN, DISTRIBUCIÓN, ETC.
Lugar de publicación, distribución, etc. Valladolid :
Nombre del editor, distribuidor, etc. Antonio D. Soldevilla y Villar,
Fecha de publicación, distribución, etc. 1973.
300 ## - DESCRIPCIÓN FÍSICA
Extensión XXVII, 325 p. ;
Dimensiones 25 cm.
650 14 - PUNTO DE ACCESO ADICIONAL DE MATERIA--TÉRMINO DE MATERIA
Término de materia o nombre geográfico como elemento de entrada Cooperativismo.
9 (RLIN) 11357
700 1# - ENTRADA AGREGADA--NOMBRE PERSONAL
Nombre de persona Arco Álvarez, José Luis del.
9 (RLIN) 22505
852 ## - LOCALIZACIÓN
Ubicación ES-MaACL
Número de control de estantería C-52311
itemnumber R.85800
Holdings
Estatus retirado Estado de pérdida Estado de daño No para préstamo Biblioteca de origen Biblioteca actual Ubicación en estantería Fecha de adquisición Fuente de adquisición Total de préstamos Signatura topográfica completa Código de barras Visto por última vez Precio de reemplazo Tipo de ítem Koha
        Biblioteca del Ateneo de Madrid Biblioteca del Ateneo de Madrid Depósito 2 25/05/2009     C-52311 1180135 23/02/2023 23/02/2023 Libro impreso